00680nam a2200241 a 4500001001300000003000900013005001700022008004100039020001000080082001600090100001500106245002600121260004300147300000900190500003500199505001300234650001800247700001500265902000800280942000700288952012800295999001500423nice12345678IN_TiNIC20260116011442.0050524s1926 cula grp 000 0 eng  ac10000a297.09bSAL aSalik, S A aEarly Heroes of Islam aCulcattabUniversity of Calcuttac1926 a514p aincludes index and biblioraphy2 aAppendix aIslam-History1 aSalik, S A bSRS cBK 001040708StackRoom-aHMIbHMId2009-07-14g100.00l1o297.09 SALp00444r2019-10-30s2019-10-11v100.00w2005-05-24yBK c1661d1661